000 00556nam a2200205Ia 4500
003 GCL
008 140319s9999 xx 000 0 eng d
040 _aGCL /
_cGCL
082 0 4 _a621.042
_bS P
100 1 _aSKROTZKI, BERNHARDT
245 1 0 _aPOWER STATION ENGINEERING AND ECONOMY /
_cSKROTZKI, BERNHARDT
700 1 _aVOPAT, WILLIAM
260 _a[S.N] :
_bTATA MCGRAW - HILL PUBLISHING COMPANY LT ،
_c1992
300 _a751 P
650 0 4 _aENERGY
650 0 4 _aMECHANICS ENGINEERING
650 0 4 _aPOWER
650 0 4 _aECONOMY
942 _2ddc
_cBK
999 _c10449
_d10449